<?xml version="1.0" encoding="UTF-8"?><?xml-stylesheet type="text/xsl" href="static/style.xsl"?><OAI-PMH xmlns="http://www.openarchives.org/OAI/2.0/" xmlns:xsi="http://www.w3.org/2001/XMLSchema-instance" xsi:schemaLocation="http://www.openarchives.org/OAI/2.0/ http://www.openarchives.org/OAI/2.0/OAI-PMH.xsd"><responseDate>2026-04-27T21:38:36Z</responseDate><request verb="GetRecord" identifier="oai:riubu.ubu.es:10259/11011" metadataPrefix="marc">https://riubu.ubu.es/oai/request</request><GetRecord><record><header><identifier>oai:riubu.ubu.es:10259/11011</identifier><datestamp>2025-10-30T01:05:41Z</datestamp><setSpec>com_10259_5238</setSpec><setSpec>com_10259_5086</setSpec><setSpec>com_10259_2604</setSpec><setSpec>col_10259_5239</setSpec></header><metadata><record xmlns="http://www.loc.gov/MARC21/slim" xmlns:doc="http://www.lyncode.com/xoai" xmlns:xsi="http://www.w3.org/2001/XMLSchema-instance" xmlns:dcterms="http://purl.org/dc/terms/" xsi:schemaLocation="http://www.loc.gov/MARC21/slim http://www.loc.gov/standards/marcxml/schema/MARC21slim.xsd">
<leader>00925njm 22002777a 4500</leader>
<datafield tag="042" ind1=" " ind2=" ">
<subfield code="a">dc</subfield>
</datafield>
<datafield tag="720" ind1=" " ind2=" ">
<subfield code="a">García Torea, Nicolás</subfield>
<subfield code="e">author</subfield>
</datafield>
<datafield tag="720" ind1=" " ind2=" ">
<subfield code="a">Senn, Juliette</subfield>
<subfield code="e">author</subfield>
</datafield>
<datafield tag="260" ind1=" " ind2=" ">
<subfield code="c">2025-04</subfield>
</datafield>
<datafield tag="520" ind1=" " ind2=" ">
<subfield code="a">This chapter introduces the transition from a voluntary to a mandatory sustainability reporting regime. It briefly discusses the lifecycle and conditions required for the emergence of norms (i.e., practices considered binding) around sustainability reporting regulation. The chapter presents the paradigmatic case of the European Union Corporate Sustainability Reporting Directive to assess whether a norm can emerge in this setting. For this purpose, students must discuss the extent to which they consider the Directive as integrated within a coherent regulatory framework that aligns with previous practices and possesses sufficient clarity to reflect on whether the changes it introduces in sustainability reporting practices can be considered legitimate enough to be internalized by companies.</subfield>
</datafield>
<datafield tag="024" ind2=" " ind1="8">
<subfield code="a">9781035330591</subfield>
</datafield>
<datafield tag="024" ind2=" " ind1="8">
<subfield code="a">9781035330607</subfield>
</datafield>
<datafield tag="024" ind2=" " ind1="8">
<subfield code="a">https://hdl.handle.net/10259/11011</subfield>
</datafield>
<datafield tag="024" ind2=" " ind1="8">
<subfield code="a">10.4337/9781035330607.00013</subfield>
</datafield>
<datafield ind1=" " ind2=" " tag="653">
<subfield code="a">Sustainability reporting</subfield>
</datafield>
<datafield ind1=" " ind2=" " tag="653">
<subfield code="a">Regulation</subfield>
</datafield>
<datafield ind1=" " ind2=" " tag="653">
<subfield code="a">Compliance</subfield>
</datafield>
<datafield ind1=" " ind2=" " tag="653">
<subfield code="a">EU directive</subfield>
</datafield>
<datafield ind1=" " ind2=" " tag="653">
<subfield code="a">Mandatory reporting</subfield>
</datafield>
<datafield ind1=" " ind2=" " tag="653">
<subfield code="a">Normativity</subfield>
</datafield>
<datafield tag="245" ind1="0" ind2="0">
<subfield code="a">Normativity and sustainability reporting regulation</subfield>
</datafield>
</record></metadata></record></GetRecord></OAI-PMH>